| 000 | 00534nam a2200205Ia 4500 | ||
|---|---|---|---|
| 001 | 45612 | ||
| 005 | 20240114003719.0 | ||
| 007 | ta | ||
| 008 | 090319s g b000 u u | ||
| 040 | _aCotton College,Assam | ||
| 082 |
_a520 _bSa 79 G |
||
| 100 | _aSastri, T. Ganapati . | ||
| 245 | 0 |
_aThe Goladipika By Sri Parameswara / _cT. Ganapati Sastri. _hTextual Documents |
|
| 250 | _a1st / | ||
| 300 |
_a32p. ; _c24 cm.. |
||
| 653 | _aT/G-Astronomy | ||
| 942 |
_2ddc _cBK |
||
| 999 |
_c45577 _d45577 |
||